000 00465nam a22001697a 4500
005 20180820163959.0
008 160618b xxu||||| |||| 00| 0 eng d
020 _a81-259-1163-4
041 _aeng
082 _b8195
_a658.4012
100 _aLomash, Sukul and Mishra, P.K.
_94844
245 _aBusiness policy and strategic management
260 _aNew Delhi
_bVikas Publishing House (P) Ltd.
_c2004
300 _a366p,
650 _aManagement
_9241
942 _cBK
999 _c3149
_d3148